000 00340nam a2200157Ia 4500
008 210210b1946 xxu||||| |||| 00| 0 eng d
041 _aeng
082 _a828/488
100 _aPEARSON (Hesketh)
245 _aConan Doyle
260 _aLondon
_b-
_c1946
650 _aDoyle
650 _aConan
690 _aBiography
906 _a016332
999 _c135835
_d135835